000 00489nam a2200181Ia 4500
001 2501
005 20260306144811.0
008 260306t2015||||xx |||||||||||||| ||spa||
041 _aESP
082 _a616.8914
_bB77
100 _aBourquin, Peter
_eAUT
245 0 _aEl arte de la terapia:
_breflexiones sobre la sanación para terapeutas principiantes y veteranos
260 _c2015
300 _a167 páginas :
_c21 cm.
650 _aGEN
654 _aCPS
942 _cLIB
_dJUS
_fJUS
_2ddc
_n
999 _c2501
_d2501